Primal leadership : Unleashing the power of emotional intelligence

This is the book that established 'emotional intelligence' in the business lexicon--and made it a necessary skill for leaders. Managers and professionals across the globe have embraced 'Primal leadership', affirming the importance of emotionally intelligent leadership. Its influe...

Szczegółowa specyfikacja

Zapisane w:
Opis bibliograficzny
1. autor: Goleman, Daniel
Format: Książka
Język:Undetermined
Wydane: Boston, Massachusetts Harvard Business Review Press 2013
Hasła przedmiotowe:
Etykiety: Dodaj etykietę
Nie ma etykietki, Dołącz pierwszą etykiete!
Thư viện lưu trữ: Trung tâm Học liệu Trường Đại học Cần Thơ
LEADER 01471nam a2200205Ia 4500
001 CTU_227879
008 210402s9999 xx 000 0 und d
082 |a 658.4​092 
082 |b G625 
100 |a Goleman, Daniel 
245 0 |a Primal leadership : 
245 0 |b Unleashing the power of emotional intelligence 
245 0 |c Daniel Goleman, Richard Boyatzis, Annie McKee 
260 |a Boston, Massachusetts 
260 |b Harvard Business Review Press 
260 |c 2013 
520 |a This is the book that established 'emotional intelligence' in the business lexicon--and made it a necessary skill for leaders. Managers and professionals across the globe have embraced 'Primal leadership', affirming the importance of emotionally intelligent leadership. Its influence has also reached well beyond the business world: the book and its ideas are now used routinely in universities, business and medical schools, and professional training programs, and by a growing legion of professional coaches. This refreshed edition, with a new preface by the authors, vividly illustrates the power--and the necessity--of leadership that is self-aware, empathic, motivating, and collaborative in a world that is ever more economically volatile and technologically complex. It is even timelier now than when it was originally published. 
650 |a Khả năng điều hành,Executive ability 
910 |b nthai 
980 |a Trung tâm Học liệu Trường Đại học Cần Thơ